[Event "14th IBCA World Chess Championship for Blind 2019"]
[Site "Cagliari"]
[Date "2019.04.08"]
[Round "3"]
[Board "29"]
[White "Kishan, Gangolli"]
[Black "Dal, Ibrahim"]
[Result "1-0"]
[WhiteElo "1950"]
[BlackElo "1606"]
[PlyCount "42"]
[EventDate "2019.04.06"]
[EventRounds "9"]
[EventCountry "ITA"]

1. d4 c6 2. c4 d5 3. Nf3 Nf6 4. Nc3 e6 5. e3 Bd6 6. Qc2 O-O 7. b3 Nbd7 8. Be2
dxc4 9. bxc4 e5 10. O-O exd4 11. exd4 Re8 12. Rd1 Bb4 13. Bb2 Qe7 14. Bd3 Nf8
15. a3 Bd6 16. Re1 Qc7 17. c5 Bf4 18. Rxe8 Nxe8 19. d5 Bg4 20. d6 Qd7 21. Nd4
Ne6 {... 63 moves}  1-0

[Event "14th IBCA World Chess Championship for Blind 2019"]
[Site "Cagliari"]
[Date "2019.04.08"]
[Round "3"]
[Board "31"]
[White "Saltik, Suleyman"]
[Black "Aguilar Sevilla, Diego"]
[Result "1-0"]
[WhiteElo "1652"]
[BlackElo "2124"]
[PlyCount "57"]
[EventDate "2019.04.06"]
[EventRounds "9"]
[EventCountry "ITA"]

1. d4 Nf6 2. Bg5 g6 3. Bxf6 exf6 4. e3 f5 5. g3 Bg7 6. Ne2 d6 7. Bg2 Nd7 8. c4
Nf6 9. Nbc3 c6 10. b4 Be6 11. b5 cxb5 12. Bxb7 Bxc4 13. Bc6+ Ke7 14. Bxa8 Qxa8
15. O-O h5 16. Re1 h4 17. e4 fxe4 18. Qc2 d5 19. Nxb5 Qc8 20. Na3 hxg3 21. Nxg3
Qh3 22. Nxc4 Qxh2+ 23. Kf1 Rc8 24. Qb2 Rxc4 25. Rac1 Qh3+ 26. Kg1 Rxc1 27. Rxc1
Ng4 28. Qa3+ Kf6 29. Nxe4+  1-0

[Event "14th IBCA World Chess Championship for Blind 2019"]
[Site "Cagliari"]
[Date "2019.04.08"]
[Round "3"]
[Board "32"]
[White "Ursic, Aleksander"]
[Black "Gasperoni, Claudio"]
[Result "1-0"]
[WhiteElo "1912"]
[BlackElo "1799"]
[PlyCount "37"]
[EventDate "2019.04.06"]
[EventRounds "9"]
[EventCountry "ITA"]

1. e4 e5 2. f4 Qh4+ 3. g3 Qe7 4. Nc3 d6 5. d4 exd4 6. Qxd4 Nc6 7. Qd3 Nf6 8.
Bg2 Bd7 9. Be3 Nb4 10. Qe2 Ng4 11. O-O-O Nxe3 12. Qxe3 Bc6 13. a3 Na6 14. Nf3
Qf6 15. Nd4 Nb8 16. Rhe1 Be7 17. Nd5 Bxd5 18. exd5 Kd8 19. Qb3  1-0

[Event "14th IBCA World Chess Championship for Blind 2019"]
[Site "Cagliari"]
[Date "2019.04.08"]
[Round "3"]
[Board "33"]
[White "Patra, Subhendu Kumar"]
[Black "Began, Branko"]
[Result "1-0"]
[WhiteElo "1747"]
[BlackElo "1862"]
[PlyCount "50"]
[EventDate "2019.04.06"]
[EventRounds "9"]
[EventCountry "ITA"]

1. e4 c6 2. d4 d5 3. Nc3 dxe4 4. Nxe4 Bf5 5. Ng3 Bg6 6. Bc4 e6 7. N1e2 h6 8.
Nf4 Bh7 9. O-O Nf6 10. Re1 Nd5 11. Ngh5 Nxf4 12. Bxf4 Bg6 13. Be5 Bxh5 14. Qxh5
Qg5 15. Qh3 Nd7 16. f4 Qe7 17. f5 Nb6 18. Bd3 O-O-O 19. fxe6 f6 20. Bg3 Rxd4
21. Qf5 h5 22. c3 Rd5 23. Qf4 Qc5+ 24. Bf2 Qd6 25. Qxd6 Bxd6 {...}  1-0

[Event "14th IBCA World Chess Championship for Blind 2019"]
[Site "Cagliari"]
[Date "2019.04.08"]
[Round "3"]
[Board "34"]
[White "Morariu, Ionel"]
[Black "Cizman, Gregor"]
[Result "1-0"]
[WhiteElo "1862"]
[BlackElo "1564"]
[PlyCount "99"]
[EventDate "2019.04.06"]
[EventRounds "9"]
[EventCountry "ITA"]

1. c4 c6 2. Nc3 d5 3. d4 Nf6 4. Nf3 e6 5. e3 a6 6. Bd3 dxc4 7. Bxc4 b5 8. Bd3
Bb7 9. O-O Nbd7 10. Re1 Be7 11. a3 O-O 12. b4 a5 13. Rb1 axb4 14. axb4 Qc7 15.
Qc2 Qb6 16. e4 h6 17. h3 Rfc8 18. Be3 Qd8 19. Qb2 Nb6 20. Red1 Na4 21. Ne2 Nb6
22. Ne5 Nbd7 23. Nf4 Nf8 24. Ra1 Rxa1 25. Rxa1 Ra8 26. Rc1 Rc8 27. f3 N6d7 28.
Ng4 Nb8 29. Bb1 Na6 30. Nd3 Qd6 31. Nc5 Nxc5 32. bxc5 Qd8 33. f4 Ra8 34. f5 h5
35. Ne5 Bf6 36. Nf3 Qa5 37. fxe6 fxe6 38. Rd1 h4 39. Bg5 Qd8 40. Bxf6 Qxf6 41.
Qd2 Ra3 42. e5 Qd8 43. Qf4 b4 44. Ng5 Bc8 45. Qf7+ Kh8 46. Qh5+ Kg8 47. Bh7+
Nxh7 48. Qxh7+ Kf8 49. Qh8+ Ke7 50. Qxg7+  1-0

[Event "14th IBCA World Chess Championship for Blind 2019"]
[Site "Cagliari"]
[Date "2019.04.08"]
[Round "3"]
[Board "35"]
[White "Selcuk, Umit"]
[Black "Znuderl, Matej"]
[Result "0-1"]
[WhiteElo "1555"]
[BlackElo "1918"]
[PlyCount "82"]
[EventDate "2019.04.06"]
[EventRounds "9"]
[EventCountry "ITA"]

1. e4 e5 2. Bc4 Nf6 3. d3 c6 4. Nc3 d5 5. exd5 cxd5 6. Bb5+ Bd7 7. Bxd7+ Nbxd7
8. a3 Bc5 9. Na4 Bd6 10. Nf3 Qa5+ 11. c3 b5 12. b4 Qxa4 13. Qxa4 bxa4 14. Be3
e4 15. dxe4 Nxe4 16. Bd4 O-O 17. g4 Rfe8 18. O-O-O Rac8 19. Kb2 Ne5 20. Nxe5
Bxe5 21. Bxe5 Rxe5 22. f4 Ree8 23. Rxd5 Nxc3 24. Rc5 Rxc5 25. bxc5 Ne2 26. Re1
Kf8 27. f5 Nd4 28. Rxe8+ Kxe8 29. Kc3 Nc6 30. Kc4 a6 31. Kd5 Kd7 32. h4 Nb4+
33. Ke5 Nc2 34. g5 Nxa3 35. Kd4 Nb5+ 36. Kc4 Kc6 37. h5 a3 38. Kb3 Kxc5 39. g6
fxg6 40. h6 gxh6 41. f6 Kd6  0-1

[Event "14th IBCA World Chess Championship for Blind 2019"]
[Site "Cagliari"]
[Date "2019.04.08"]
[Round "3"]
[Board "37"]
[White "Casadei, Marco"]
[Black "Dayan, Itay"]
[Result "1-0"]
[WhiteElo "1921"]
[BlackElo "1409"]
[PlyCount "35"]
[EventDate "2019.04.06"]
[EventRounds "9"]
[EventCountry "ITA"]

1. e4 c5 2. Nf3 Nc6 3. d4 cxd4 4. Nxd4 g6 5. Bc4 Bg7 6. Be3 Nf6 7. Nc3 d6 8.
Bb3 Ng4 9. Nxc6 bxc6 10. Bf4 Ba6 11. Qxg4 O-O 12. h4 d5 13. h5 dxe4 14. hxg6 c5
15. gxf7+ Kh8 16. Rxh7+ Kxh7 17. Qh5+ Bh6 18. Qxh6#  1-0

[Event "14th IBCA World Chess Championship for Blind 2019"]
[Site "Cagliari"]
[Date "2019.04.08"]
[Round "3"]
[Board "38"]
[White "Zenini, Simone"]
[Black "Johansson, Tage"]
[Result "0-1"]
[WhiteElo "1435"]
[BlackElo "1749"]
[PlyCount "74"]
[EventDate "2019.04.06"]
[EventRounds "9"]
[EventCountry "ITA"]

1. d4 f5 2. c4 Nf6 3. Nc3 e6 4. Nf3 Be7 5. g3 O-O 6. Bg2 d6 7. O-O a5 8. a3 Ne4
9. Qc2 Nxc3 10. Qxc3 Nc6 11. Re1 Bf6 12. Rd1 Qe8 13. Bf4 h6 14. h4 a4 15. c5 e5
16. Be3 e4 17. Ne1 d5 18. Qc1 Na5 19. Qc3 Nb3 20. Rab1 g5 21. hxg5 hxg5 22. Nc2
Qh5 23. f3 Rf7 24. Kf2 Be7 25. Rh1 Qg6 26. Na1 Nxa1 27. Rxa1 f4 28. gxf4 gxf4
29. Bd2 e3+ 30. Bxe3 Bh4+ 31. Kf1 Qg3 32. Bg1 Rg7 33. Rxh4 Qxg2+ 34. Ke1 Qxg1+
35. Kd2 Qxa1 36. Rxf4 Qg1 37. Qc2 Qg5  0-1

[Event "14th IBCA World Chess Championship for Blind 2019"]
[Site "Cagliari"]
[Date "2019.04.08"]
[Round "3"]
[Board "39"]
[White "Morelli, Daniel"]
[Black "Hengles, Roberto Carlos"]
[Result "0-1"]
[WhiteElo "1382"]
[BlackElo "1740"]
[PlyCount "60"]
[EventDate "2019.04.06"]
[EventRounds "9"]
[EventCountry "ITA"]

1. e4 d5 2. Nc3 d4 3. Nce2 e5 4. d3 Nc6 5. Nf3 Nf6 6. c3 dxc3 7. Nxc3 Be7 8.
Be2 O-O 9. Be3 Be6 10. h3 a6 11. O-O b5 12. a3 Qd7 13. Ng5 Rfd8 14. Nxe6 Qxe6
15. b4 Nd4 16. Bg5 Rd6 17. Nd5 Nxe2+ 18. Qxe2 Nxd5 19. Bxe7 Nxe7 20. Rac1 c6
21. Rfd1 Rad8 22. Rc3 h6 23. Rdc1 Qd7 24. Rd1 Ng6 25. g3 Qxh3 26. Qe3 Nh4 27.
gxh4 Rg6+ 28. Qg3 Rxg3+ 29. fxg3 Qxg3+ 30. Kh1 Qf3+  0-1

[Event "14th IBCA World Chess Championship for Blind 2019"]
[Site "Cagliari"]
[Date "2019.04.08"]
[Round "3"]
[Board "40"]
[White "Krishna, Udupa"]
[Black "L`Herbon De Lussats, Jean"]
[Result "1-0"]
[WhiteElo "1740"]
[BlackElo "1312"]
[PlyCount "79"]
[EventDate "2019.04.06"]
[EventRounds "9"]
[EventCountry "ITA"]

1. d4 Nf6 2. Bf4 g6 3. e3 Bg7 4. Nf3 O-O 5. Be2 d6 6. h3 Bf5 7. c4 Nc6 8. Nc3
Nb4 9. O-O b6 10. a3 Na6 11. c5 Qc8 12. cxd6 exd6 13. Rc1 d5 14. Nb5 c5 15. Nd6
Qe6 16. Bxa6 c4 17. Ng5 Qd7 18. Bb5 Qe7 19. Nxf5 gxf5 20. Nf3 a6 21. Ba4 b5 22.
Bc2 Ne4 23. Nd2 Nd6 24. Bxd6 Qxd6 25. Bxf5 Qf6 26. Qh5 Bh6 27. Nf3 Kh8 28. Ne5
Ra7 29. Ng4 Qg7 30. Qxh6 Qxh6 31. Nxh6 f6 32. Be6 Rg7 33. Bxd5 Rg6 34. Nf5 Rg5
35. e4 Re8 36. f4 Rh5 37. Bf7 Rxe4 38. Bxh5 a5 39. Rfe1 Rxf4 40. Re8#  1-0

[Event "14th IBCA World Chess Championship for Blind 2019"]
[Site "Cagliari"]
[Date "2019.04.08"]
[Round "3"]
[Board "41"]
[White "Atterberg, David"]
[Black "Ymeri, Rinor"]
[Result "0-1"]
[WhiteElo "1109"]
[BlackElo "1680"]
[PlyCount "118"]
[EventDate "2019.04.06"]
[EventRounds "9"]
[EventCountry "ITA"]

1. d4 c6 2. Nf3 d5 3. e3 e6 4. Bd3 c5 5. O-O c4 6. Be2 Nf6 7. b3 b5 8. Bb2 Ne4
9. Nbd2 c3 10. Nxe4 cxb2 11. Bxb5+ Bd7 12. Bxd7+ Nxd7 13. Rb1 dxe4 14. Nd2 Qh4
15. g3 Qh6 16. Nxe4 Ba3 17. Qf3 O-O 18. c3 e5 19. Rfd1 Qc6 20. Rd3 f5 21. d5
Qb7 22. Nd2 Nc5 23. Qe2 Nxd3 24. Qxd3 e4 25. Qd4 Rad8 26. c4 Qb6 27. Qc3 Qd6
28. Qd4 Rc8 29. Rd1 Qf6 30. Qxa7 Ra8 31. Qd4 Bb4 32. Qxf6 Rxf6 33. Nb1 Rxa2 34.
Kg2 Rfa6 35. f3 Ra1 36. fxe4 Rxb1 37. Rxb1 Bc3 38. exf5 Ra1 39. Rxb2 Bxb2 40.
Kf3 Bc3 41. Ke4 Ra3 42. c5 Rxb3 43. c6 Ba5 44. d6 Rc3 45. Kd5 Rxe3 46. d7 Bc7
47. g4 Kf7 48. h4 Ke7 49. h5 h6 50. Kc5 Rg3 51. Kb5 Rxg4 52. Ka6 Kd8 53. f6
gxf6 54. Kb7 f5 55. Ka8 f4 56. Ka7 f3 57. Ka8 f2 58. Ka7 f1=Q 59. Kb7 Qb1+  0-1

[Event "14th IBCA World Chess Championship for Blind 2019"]
[Site "Cagliari"]
[Date "2019.04.09"]
[Round "4"]
[Board "1"]
[White "Dukaczewski, Piotr"]
[Black "Smirnov, Alexey"]
[Result "0-1"]
[WhiteElo "2225"]
[BlackElo "2451"]
[PlyCount "118"]
[EventDate "2019.04.06"]
[EventRounds "9"]
[EventCountry "ITA"]

1. c4 e6 2. g3 d5 3. Bg2 Nf6 4. Nf3 dxc4 5. Qa4+ Nbd7 6. Qxc4 a6 7. O-O b5 8.
Qc2 Bb7 9. a4 c5 10. Nc3 b4 11. Nb1 c4 12. Qxc4 Bd5 13. Qh4 Nc5 14. d3 Nb3 15.
e4 Nxa1 16. exd5 Nxd5 17. Bg5 Be7 18. Nbd2 Nc2 19. Bxe7 Nxe7 20. Ng5 Rc8 21.
Bb7 Nf5 22. Qf4 Ncd4 23. Kh1 Rc2 24. Nc4 O-O 25. Ne4 Ne2 26. Qf3 Nfd4 27. Qh5
Rxc4 28. dxc4 Qb6 29. Nf6+ gxf6 30. Be4 Rd8 31. Qxh7+ Kf8 32. Qh6+ Ke7 33. Qe3
Qc5 34. Bd3 Qh5 35. Kg2 Rh8 36. h4 e5 37. Re1 Rg8 38. Bxe2 Qxh4 39. Bd3 Qg4 40.
Qe4 Qxe4+ 41. Bxe4 a5 42. Bd5 Rf8 43. Re3 Kd6 44. g4 f5 45. gxf5 Nxf5 46. Rh3
Ne7 47. Rh6+ f6 48. Be4 Kc5 49. Rh7 Re8 50. Bd3 f5 51. Kf1 e4 52. Be2 Nc6 53.
Rf7 Nd4 54. Rc7+ Kd6 55. Ra7 Re5 56. Bh5 f4 57. Bf7 e3 58. c5+ Rxc5 59. fxe3
fxe3  0-1

[Event "14th IBCA World Chess Championship for Blind 2019"]
[Site "Cagliari"]
[Date "2019.04.09"]
[Round "4"]
[Board "2"]
[White "Tazbir, Marcin"]
[Black "Grigorchuk, Sergey"]
[Result "1/2-1/2"]
[WhiteElo "2540"]
[BlackElo "2236"]
[PlyCount "42"]
[EventDate "2019.04.06"]
[EventRounds "9"]
[EventCountry "ITA"]

1. d4 e6 2. c4 Bb4+ 3. Bd2 Bxd2+ 4. Qxd2 Nf6 5. Nc3 d5 6. e3 O-O 7. cxd5 Nxd5
8. Bd3 b6 9. Nxd5 Qxd5 10. Nf3 Bb7 11. O-O Nd7 12. Qc2 Qh5 13. Qxc7 Bxf3 14.
gxf3 Qxf3 15. Rfc1 Nf6 16. Bf1 Nd5 17. Qg3 Qh5 18. Rc6 Rac8 19. Rxc8 Rxc8 20.
Rc1 Rf8 21. Bc4 h6  1/2-1/2

[Event "14th IBCA World Chess Championship for Blind 2019"]
[Site "Cagliari"]
[Date "2019.04.09"]
[Round "4"]
[Board "3"]
[White "Babarykin, Stanislav"]
[Black "Pribeanu, Mihail-Dacian"]
[Result "1-0"]
[WhiteElo "2401"]
[BlackElo "2198"]
[PlyCount "47"]
[EventDate "2019.04.06"]
[EventRounds "9"]
[EventCountry "ITA"]

1. d4 Nf6 2. Bf4 g6 3. Nc3 c5 4. dxc5 Na6 5. e4 Nxc5 6. e5 Nfe4 7. Nxe4 Nxe4 8.
Qd4 f5 9. f3 g5 10. Be3 f4 11. Bc1 Bg7 12. Qxe4 Qa5+ 13. Bd2 Qxe5 14. Qxe5 Bxe5
15. O-O-O d5 16. Ne2 e6 17. h4 h6 18. Bc3 Bxc3 19. Nxc3 Rg8 20. hxg5 hxg5 21.
Rh7 Bd7 22. Nb5 Kd8 23. Nd6 b6 24. Nf7+  1-0

[Event "14th IBCA World Chess Championship for Blind 2019"]
[Site "Cagliari"]
[Date "2019.04.09"]
[Round "4"]
[Board "4"]
[White "Dimic, Pavle"]
[Black "Adiyaman, Rene"]
[Result "1-0"]
[WhiteElo "2333"]
[BlackElo "2195"]
[PlyCount "121"]
[EventDate "2019.04.06"]
[EventRounds "9"]
[EventCountry "ITA"]

1. d4 d5 2. c4 c6 3. Nc3 Nf6 4. e3 g6 5. Nf3 Bg7 6. Be2 O-O 7. O-O Bg4 8. h3
Bxf3 9. Bxf3 dxc4 10. Qe2 e5 11. Rd1 Qe7 12. Qxc4 Nbd7 13. Qb3 Nb6 14. dxe5
Qxe5 15. a4 Qc7 16. e4 Nfd7 17. Be3 Ne5 18. Be2 c5 19. a5 Nbd7 20. f4 Nc6 21.
Nb5 Qd8 22. Bg4 Nd4 23. Nxd4 cxd4 24. Bxd4 Bxd4+ 25. Rxd4 Nc5 26. Qc4 Qe7 27.
b4 Ne6 28. Bxe6 fxe6 29. e5 Rac8 30. Qb3 Rf7 31. Rad1 Rc7 32. g3 g5 33. fxg5
Rf5 34. h4 Rxe5 35. Rd8+ Kf7 36. Rf1+ Kg7 37. Qb2 Qxd8 38. Qxe5+ Kg8 39. Qxe6+
Kh8 40. Qf6+ Qxf6 41. gxf6 Kg8 42. f7+ Kf8 43. Kg2 Rc3 44. h5 Rb3 45. Rf4 h6
46. g4 Rb1 47. Kf2 a6 48. Ke2 Rb3 49. Kd2 Rg3 50. Kc2 Re3 51. Rf6 Re4 52. Kb3
Rxg4 53. Rxh6 Rh4 54. Rb6 Rxh5 55. Rxb7 Rh4 56. Rb6 Kxf7 57. Rxa6 Ke7 58. Rc6
Kd7 59. Rc4 Rh1 60. Ka4 Ra1+ 61. Kb5  1-0

[Event "14th IBCA World Chess Championship for Blind 2019"]
[Site "Cagliari"]
[Date "2019.04.09"]
[Round "4"]
[Board "5"]
[White "Kolpakov, Vladyslav"]
[Black "Magnusson, Jorgen"]
[Result "1-0"]
[WhiteElo "2150"]
[BlackElo "2301"]
[PlyCount "151"]
[EventDate "2019.04.06"]
[EventRounds "9"]
[EventCountry "ITA"]

1. e4 c5 2. Nf3 g6 3. d4 cxd4 4. Nxd4 Nc6 5. Nc3 Bg7 6. Be3 Nf6 7. Bc4 O-O 8.
Bb3 d5 9. exd5 Na5 10. Qf3 Bg4 11. Qg3 Nxb3 12. axb3 Bh5 13. d6 Ng4 14. Ne4
exd6 15. O-O Re8 16. Nc3 Be5 17. f4 Bg7 18. Bf2 Nxf2 19. Qxf2 Qb6 20. Ndb5 d5
21. Qxb6 axb6 22. Nc7 Bd4+ 23. Kh1 Rxa1 24. Rxa1 Rd8 25. h3 Bxc3 26. bxc3 f5
27. Rg1 Rd7 28. Ne6 Re7 29. Nd4 Re3 30. Kh2 g5 31. fxg5 f4 32. Ra1 Rxc3 33.
Ra8+ Kf7 34. Rb8 Rc7 35. Rd8 Bg6 36. Rxd5 Bxc2 37. Nxc2 Rxc2 38. Rf5+ Kg6 39.
Rxf4 Kxg5 40. Rf7 h5 41. Rxb7 Rc6 42. Rg7+ Kf6 43. Rd7 Kg6 44. Kg3 Kh6 45. Kf4
Rf6+ 46. Ke4 Rg6 47. Kf3 Rf6+ 48. Ke4 Rg6 49. Rd2 Rg3 50. Rb2 Kg5 51. b4 Kh4
52. Rf2 Rg6 53. g4 hxg4 54. hxg4 Kg3 55. Rf4 Rg5 56. Ke3 Rb5 57. Rd4 Rg5 58.
Kd3 Kf3 59. Rc4 Rd5+ 60. Kc3 Kg3 61. Rc6 Kxg4 62. Rxb6 Kf4 63. Re6 Kf5 64. Re1
Rd8 65. b5 Rc8+ 66. Kb4 Rc2 67. b6 Rb2+ 68. Kc5 Rc2+ 69. Kb5 Rb2+ 70. Kc6 Rc2+
71. Kd7 Rd2+ 72. Kc7 Rc2+ 73. Kb8 Rb2 74. b7 Rb3 75. Ra1 Ke6 76. Ka7  1-0

[Event "14th IBCA World Chess Championship for Blind 2019"]
[Site "Cagliari"]
[Date "2019.04.09"]
[Round "4"]
[Board "6"]
[White "Nikac, Predrag"]
[Black "Nizam, Rasim"]
[Result "1-0"]
[WhiteElo "2297"]
[BlackElo "2166"]
[PlyCount "73"]
[EventDate "2019.04.06"]
[EventRounds "9"]
[EventCountry "ITA"]

1. f4 Nf6 2. Nf3 g6 3. g3 Bg7 4. Bg2 c5 5. d3 d5 6. O-O O-O 7. Qe1 Nc6 8. e4
dxe4 9. dxe4 e5 10. Nc3 exf4 11. Bxf4 Bg4 12. h3 Bxf3 13. Rxf3 Nh5 14. Rd1 Nd4
15. Rf2 Nxf4 16. gxf4 Qh4 17. Nd5 Ne6 18. c3 Rad8 19. Qe2 Bh6 20. Rdf1 b6 21.
f5 Ng5 22. Qg4 Qxg4 23. Nf6+ Kg7 24. Nxg4 gxf5 25. Rxf5 Rd3 26. h4 Nh3+ 27.
Bxh3 Rxh3 28. Kg2 Rd3 29. Rf6 Bd2 30. Ne5 Re3 31. Rxf7+ Rxf7 32. Rxf7+ Kg8 33.
Rf2 Rxe4 34. Nd7 Rg4+ 35. Kh3 Be1 36. Nf6+ Kg7 37. Nxg4  1-0

[Event "14th IBCA World Chess Championship for Blind 2019"]
[Site "Cagliari"]
[Date "2019.04.09"]
[Round "4"]
[Board "7"]
[White "Zoltek, Tadeusz"]
[Black "Wassin, Sergej"]
[Result "0-1"]
[WhiteElo "2092"]
[BlackElo "2262"]
[PlyCount "52"]
[EventDate "2019.04.06"]
[EventRounds "9"]
[EventCountry "ITA"]

1. c4 c5 2. Nc3 Nc6 3. g3 g6 4. Bg2 Bg7 5. d3 d6 6. Nf3 e5 7. O-O Nge7 8. Rb1
O-O 9. a3 a5 10. Ne1 Be6 11. Nd5 Rb8 12. Nxe7+ Nxe7 13. b4 axb4 14. axb4 b5 15.
bxc5 bxc4 16. Rxb8 Qxb8 17. dxc4 dxc5 18. Be3 Bxc4 19. Bxc5 Qc7 20. Ba3 Rd8 21.
Nd3 Nf5 22. Qa4 Nd4 23. Nc1 Bb5 24. Qb4 Bh6 25. Kh1 Bf8 26. Qb2 Rb8  0-1

[Event "14th IBCA World Chess Championship for Blind 2019"]
[Site "Cagliari"]
[Date "2019.04.09"]
[Round "4"]
[Board "8"]
[White "Mueller, Oliver"]
[Black "Dobierzin, Olaf"]
[Result "1/2-1/2"]
[WhiteElo "2253"]
[BlackElo "1992"]
[PlyCount "144"]
[EventDate "2019.04.06"]
[EventRounds "9"]
[EventCountry "ITA"]

1. d4 Nf6 2. c4 g6 3. Nf3 Bg7 4. g3 O-O 5. Bg2 d6 6. O-O c6 7. Nc3 Qa5 8. h3 e5
9. e4 Nbd7 10. d5 cxd5 11. cxd5 a6 12. a3 b5 13. Be3 Qd8 14. Nd2 Nb6 15. Qe2
Bd7 16. Rac1 Rc8 17. Na2 Nc4 18. Nxc4 bxc4 19. Qd2 Bb5 20. Rfe1 Nd7 21. Qb4 Nc5
22. Bxc5 Rxc5 23. a4 a5 24. Qa3 Ba6 25. b4 axb4 26. Nxb4 Bb7 27. Bf1 Qc7 28.
Rc3 Bh6 29. Qa2 Qa5 30. Rb1 Ra8 31. Rxc4 Rxc4 32. Qxc4 Qxa4 33. Qc7 Bc8 34.
Qxd6 Bf8 35. Qb6 Bxb4 36. Rxb4 Qc2 37. Qd8+ Kg7 38. Qd6 Qc3 39. Rc4 Qa1 40. Qc7
Ba6 41. Rc1 Qd4 42. Bxa6 Rxa6 43. Qc4 Ra1 44. Qf1 Rxc1 45. Qxc1 Qxe4 $11 46. d6
Qd4 47. Qc6 e4 48. d7 e3 49. fxe3 Qxe3+ 50. Kf1 Qd3+ 51. Ke1 Qxg3+ 52. Kd2 Qf2+
53. Kd3 Qf1+ 54. Kd4 Qf4+ 55. Kc5 Qe3+ 56. Kb5 Qb3+ 57. Ka6 Qb8 58. Qc8 Qd6+
59. Kb5 Qd5+ 60. Kb6 Qd6+ 61. Kb7 Qb4+ 62. Kc6 Qa4+ 63. Kd5 Qb5+ 64. Kd4 Qb4+
65. Qc4 Qd6+ 66. Qd5 Qb4+ 67. Kd3 Qb1+ 68. Ke2 Qb2+ 69. Kf1 Qf6+ 70. Ke2 Qb2+
71. Ke3 Qc3+ 72. Qd3 Qe5+  1/2-1/2

[Event "14th IBCA World Chess Championship for Blind 2019"]
[Site "Cagliari"]
[Date "2019.04.09"]
[Round "4"]
[Board "9"]
[White "Lindenmair, Anton"]
[Black "Avram, Sretko"]
[Result "1/2-1/2"]
[WhiteElo "1974"]
[BlackElo "2120"]
[PlyCount "28"]
[EventDate "2019.04.06"]
[EventRounds "9"]
[EventCountry "ITA"]

1. d4 d5 2. c4 e6 3. Nf3 c6 4. Qc2 Nd7 5. g3 Be7 6. Bg2 Ngf6 7. Nbd2 O-O 8. O-O
b6 9. e4 dxc4 10. Nxc4 Ba6 11. Re1 Rc8 12. Bf4 Ne8 13. Rad1 Bxc4 14. Qxc4 b5
 1/2-1/2

[Event "14th IBCA World Chess Championship for Blind 2019"]
[Site "Cagliari"]
[Date "2019.04.09"]
[Round "4"]
[Board "10"]
[White "Grybas, Gintaras"]
[Black "Tuka, Oleg"]
[Result "0-1"]
[WhiteElo "2006"]
[BlackElo "2367"]
[PlyCount "80"]
[EventDate "2019.04.06"]
[EventRounds "9"]
[EventCountry "ITA"]

1. d4 Nf6 2. Nf3 e6 3. c4 Bb4+ 4. Bd2 Be7 5. Bf4 b6 6. e3 Bb7 7. h3 O-O 8. Be2
Ne4 9. O-O d6 10. Nfd2 f5 11. Nxe4 Bxe4 12. Nc3 Bb7 13. Bf3 c6 14. g4 Bg5 15.
Bg3 Qe7 16. gxf5 exf5 17. d5 c5 18. Nb5 Rd8 19. Qd3 a6 20. Nc3 Nd7 21. Bg2 g6
22. f4 Bf6 23. Rae1 b5 24. b3 Qg7 25. Nb1 Bc8 26. e4 fxe4 27. Bxe4 Bd4+ 28. Kh2
Nf6 29. Bf2 Nxe4 30. Bxd4 cxd4 31. Qxe4 Bf5 32. Qf3 bxc4 33. bxc4 Rab8 34. Nd2
Rb2 35. Rf2 d3 36. Ne4 Qd4 37. Nd2 Rxa2 38. Kg3 Rc2 39. Ne4 d2 40. Rxd2 Rxd2
 0-1

[Event "14th IBCA World Chess Championship for Blind 2019"]
[Site "Cagliari"]
[Date "2019.04.09"]
[Round "4"]
[Board "11"]
[White "Jandric, Damjan"]
[Black "Kishan, Gangolli"]
[Result "1/2-1/2"]
[WhiteElo "2196"]
[BlackElo "1950"]
[PlyCount "87"]
[EventDate "2019.04.06"]
[EventRounds "9"]
[EventCountry "ITA"]

1. e4 e6 2. Qe2 Be7 3. Nf3 d5 4. d3 dxe4 5. dxe4 b6 6. Nbd2 Ba6 7. Nc4 Nc6 8.
c3 Nf6 9. Qc2 Bb7 10. Bd3 Nd7 11. O-O Nc5 12. Be2 a5 13. Be3 O-O 14. Rfd1 Qc8
15. Nfd2 e5 16. Nb3 Nxb3 17. Qxb3 Qe6 18. Qc2 Rfd8 19. Rxd8+ Rxd8 20. b3 Qg6
21. f3 Qe6 22. a4 Qc8 23. Rd1 f6 24. Bf2 Rxd1+ 25. Qxd1 Qd8 26. Qc2 Qf8 27. Qd3
Qd8 28. Qc2 Qf8 29. Ne3 Bc5 30. Bc4+ Kh8 31. Nf5 Bxf2+ 32. Kxf2 Ne7 33. Ne3 Qd8
34. Ke2 Qd6 35. Qd3 Qxd3+ 36. Kxd3 g6 37. Nd5 Nxd5 38. Bxd5 Ba6+ 39. Bc4 Bb7
40. b4 Kg7 41. Bd5 Ba6+ 42. Bc4 Bb7 43. Bd5 Ba6+ 44. Bc4  1/2-1/2

[Event "14th IBCA World Chess Championship for Blind 2019"]
[Site "Cagliari"]
[Date "2019.04.09"]
[Round "4"]
[Board "12"]
[White "Zsiltzova-Lisenko, Lubov"]
[Black "Vrioni, Bersan"]
[Result "1-0"]
[WhiteElo "2191"]
[BlackElo "1924"]
[PlyCount "123"]
[EventDate "2019.04.06"]
[EventRounds "9"]
[EventCountry "ITA"]

1. e4 b6 2. d4 Bb7 3. Nc3 e6 4. a3 Nf6 5. Bd3 c5 6. Nf3 c4 7. Bxc4 Nxe4 8. Nxe4
Bxe4 9. Qe2 Bb7 10. O-O Be7 11. Bf4 O-O 12. Rfe1 d5 13. Bd3 Nc6 14. c3 a5 15.
Qc2 g6 16. Bh6 Re8 17. Qd2 Qd7 18. Qf4 Bf8 19. Bxf8 Rxf8 20. h4 f6 21. Qh6 Rae8
22. Bb5 Re7 23. Re2 Qd6 24. Rae1 Nd8 25. Qd2 Bc6 26. Bd3 Be8 27. Bc2 Bb5 28.
Re3 Rfe8 29. a4 Bd7 30. b4 Nc6 31. b5 Nd8 32. Bb3 Nf7 33. c4 dxc4 34. Bxc4 e5
35. dxe5 Qxd2 36. Nxd2 Rxe5 37. Ne4 Rxe4 38. Rxe4 Rxe4 39. Rxe4 Kf8 40. Bxf7
Kxf7 41. f3 Be6 42. Kf2 Ke7 43. Ke3 Kd6 44. Kd4 Bb3 45. Kc3 Be6 46. Rd4+ Bd5
47. Rd2 Ke6 48. Re2+ Kd7 49. Re3 h5 50. g4 Be6 51. gxh5 gxh5 52. Rd3+ Ke7 53.
Kd4 Kd6 54. f4 Bf5 55. Rc3 Bd7 56. f5 Bxf5 57. Rc6+ Ke7 58. Rxb6 Bc2 59. Kd5
Bb3+ 60. Kc5 Bxa4 61. Ra6 f5 62. b6  1-0

[Event "14th IBCA World Chess Championship for Blind 2019"]
[Site "Cagliari"]
[Date "2019.04.09"]
[Round "4"]
[Board "13"]
[White "Stachanczyk, Jacek"]
[Black "Rutkowski, Jerzy"]
[Result "1-0"]
[WhiteElo "2163"]
[BlackElo "1980"]
[PlyCount "86"]
[EventDate "2019.04.06"]
[EventRounds "9"]
[EventCountry "ITA"]

1. e4 e5 2. Nf3 d6 3. d4 exd4 4. Nxd4 Nf6 5. Nc3 Be7 6. Bf4 c6 7. Qd2 d5 8.
exd5 Nxd5 9. Bc4 Nxf4 10. Qxf4 O-O $11 11. Rd1 Bg5 12. Qf3 Re8+ 13. Kf1 Qf6 14.
Ne4 Qxf3 15. Nxf3 Bf4 16. Neg5 Be6 17. Nxe6 fxe6 18. g3 Bh6 19. Nd4 b5 20.
Bxe6+ Kf8 21. Kg2 a5 22. a4 Ra7 23. Bb3 bxa4 24. Bxa4 g6 25. Rd3 Bg7 26. Bb3
Bxd4 27. Rxd4 Na6 28. Rf4+ Kg7 29. Rc4 Rc7 30. Rd1 Re5 31. Rd8 Nc5 32. Rg8+ Kf6
33. Rf4+ Kg5 34. Rgf8 Nxb3 35. Rh4 Re2 36. Kf1 h5 37. Kxe2 Re7+ 38. Kf1 Nc5 39.
Rhf4 Ne4 40. h4+ Kh6 41. R4f7 Nd2+ 42. Kg2 Rxf7 43. Rxf7 Nc4  1-0